00559nam a2200157Ia 4500008004100000082001800041100002300059245005100082250000800133260004400141300001000185650001700195942001200212952016200224999001500386150201s2005 xx 000 0 und d a617.6bB2005K aKAHNBERG,KARL BRIK aBONE CRAFTING TECHNIQUES FOR MAXILLARY IMPLANT a1ST bBLACKWELL SCIENCE PUB.aEDINBURGHc2005 a1-192 aIMPLANTOLOGY 2ddccBK 00102ddc4070aFDbFDd2008-01-09eDELHI BOOK STORE DELHIg1480.00h1iSGTUl1o617.6 B2005KpFD4682r2019-07-19 00:00:00s2019-07-18w2012-10-12yBKk1550 c3790d3790